000 00317nam a2200133Ia 4500
008 230312s9999||||xx |||||||||||||| ||und||
082 _a720-19
_bVIC-S
100 _aVictoria
245 0 _aSplendours of the Gonzaga
260 _bAlbert Museum
_alondon
_c1982
300 _a248
650 _aArchitecture
942 _cBK
999 _c11650
_d11650